Chicago Fire players since 2000 - Statistics

General Stats
  • This quiz has been taken 4 times
  • The average score is 163 of 315
Answer Stats
Rank Player Positions Nationality Matches Goals (assists) Period % Correct
95 Andy Williams AM 45 6 (12) 2003-2004
100%
179 Collins John ST 17 3 (1) 2010-2010
100%
192 Daniel Johnson LM 15 0 (0) 2017-2018
100%
160 Jason Johnson ST 20 2 (1) 2015-2015
100%
285 Ryan Johnson ST 3 0 (0) 2006-2006
100%
248 Sam Williams DM 7 0 (0) 2025-2025
100%
6 Sean Johnson GK 176 0 (0) 2010-2016
100%
257 Will John RW 6 0 (1) 2005-2005
100%
258 Will Johnson CM 6 1 (0) 2005-2005
100%
92 Orlando Pérez CB 49 2 (0) 2002-2004
75%
315 Víctor Pérez CM 1 0 (0) 2015-2015
75%
53 Xherdan Shaqiri AM 69 14 (11) 2022-2024
75%
175 Adailton CB 17 1 (0) 2015-2015
50%
145 Alan Gordon ST 23 4 (0) 2018-2018
50%
298 Alec Kann GK 1 0 (0) 2015-2015
50%
60 Aleksandar Katai AM 62 18 (11) 2018-2019
50%
259 Alexandre Boucicaut AM 5 0 (0) 2004-2004
50%
45 Alex Lima CM 76 3 (2) 2012-2015
50%
275 Alex Monis RW 3 1 (0) 2021-2023
50%
268 Alex Morrell ST 4 0 (0) 2016-2016
50%
126 Allan Arigoni RB 28 1 (0) 2024-2024
50%
159 Alonso Aceves LB 20 0 (0) 2023-2023
50%
207 Álvaro Fernández CM 13 2 (1) 2012-2012
50%
81 Álvaro Medrán CM 52 5 (9) 2020-2021
50%
242 Amando Moreno LW 7 0 (0) 2019-2019
50%
250 Amos Magee ST 6 2 (0) 2001-2002
50%
251 André Franco AM 6 0 (4) 2025-2025
50%
196 Andre Reynolds II LB 14 0 (0) 2020-2020, 2022-2022
50%
176 Andrew Dykstra GK 17 0 (1) 2010-2010
50%
94 Andrew Gutman LB 45 4 (10) 2024-2025
50%
114 Andrew Lewis DF 32 2 (0) 2000-2001
50%
64 Andy Herrón ST 61 15 (3) 2004-2006, 2008-2008
50%
24 Ante Razov ST 95 52 (16) 2000-2004
50%
243 Ariel Lassiter LW 7 0 (1) 2024-2024
50%
83 Arnaud Souquet RB 51 0 (4) 2023-2024
50%
146 Arne Friedrich CB 23 1 (0) 2012-2012
50%
77 Arturo Álvarez LW 55 8 (11) 2016-2017
50%
61 Austin Berry CB 62 4 (2) 2012-2013
50%
233 Austin Washington CB 9 0 (0) 2008-2009
50%
88 Baggio Husidic CM 50 5 (7) 2009-2011
50%
19 Bakary Soumaré CB 110 1 (0) 2007-2009, 2013-2014
50%
34 Bastian Schweinsteiger CM 85 8 (10) 2017-2019
50%
214 Benji Joya CM 12 1 (1) 2014-2014
50%
208 Billy Sleeth DF 13 0 (1) 2002-2002
50%
209 Billy Walsh DM 13 0 (0) 2002-2002
50%
101 Bobby Shuttleworth GK 40 0 (0) 2020-2021
50%
42 Boris Sekulic RB 79 4 (9) 2020-2022
50%
93 Brandon Prideaux DF 46 0 (0) 2008-2009
50%
35 Brandon Vincent LB 85 3 (9) 2016-2018
50%
55 Brandt Bronico CM 66 2 (7) 2017-2020
50%
177 Bratislav Ristic RW 17 0 (0) 2010-2011
50%
16 Brian Gutiérrez AM 120 10 (16) 2020-2025
50%
122 Brian Gutiérrez AM 29 9 (3) 2020-2025
50%
68 Brian McBride ST 59 18 (6) 2008-2010
50%
147 Brian Plotkin MF 23 1 (1) 2006-2008
50%
276 Bruno Menezes RM 3 0 (0) 2007-2007
50%
38 Calen Carr ST 82 9 (3) 2006-2010
50%
30 Carlos Bocanegra CB 87 5 (5) 2000-2003
50%
31 Carlos Terán CB 87 5 (1) 2020-2025
50%
39 Chad Barrett ST 82 18 (11) 2005-2008
50%
299 Chad Prince DF 1 0 (0) 2001-2001
50%
269 Chase Gasper LB 4 0 (0) 2024-2024
50%
98 Chinonso Offor ST 41 2 (2) 2021-2022
50%
8 Chris Armas DM 161 6 (21) 2000-2007
50%
27 Chris Brady GK 92 0 (1) 2022-2025
50%
300 Chris Carrieri MF 1 0 (0) 2004-2004
50%
290 Chris Jahr DF 2 0 (0) 2000-2000
50%
65 Chris Mueller RW 61 6 (8) 2022-2024
50%
178 Chris Ritter DM 17 0 (0) 2014-2015
50%
5 Chris Rolfe ST 178 48 (16) 2005-2009, 2012-2014
50%
260 Chris Snitko GK 5 0 (0) 2000-2000
50%
261 Christian Dean CB 5 0 (0) 2017-2018
50%
270 Christopher Cupps CB 4 0 (0) 2025-2025
50%
2 C.J. Brown CB 241 1 (5) 2000-2010
50%
102 C.J. Sapong ST 40 15 (2) 2019-2020
50%
277 Collin Fernandez CM 3 0 (0) 2015-2016
50%
301 Connor Sparrow GK 1 0 (0) 2020-2020
50%
171 Corben Bone CM 18 0 (1) 2010-2013
50%
123 Cory Gibbs CB 29 3 (1) 2011-2012
50%
149 Craig Capano MF 22 1 (0) 2002-2004
50%
262 Cristian Martínez DM 5 0 (0) 2019-2019
50%
215 Cristian Nazarit ST 12 2 (1) 2011-2011
50%
62 Cuauhtémoc Blanco CF 62 16 (22) 2007-2009
50%
302 Curtis Spiteri GK 1 0 (0) 2003-2003
50%
84 Damani Ralph ST 51 22 (6) 2003-2004
50%
21 DaMarcus Beasley LB 98 14 (13) 2000-2004
50%
252 Daneil Cyrus CB 6 0 (0) 2015-2015
50%
118 Dan Gargan RB 31 1 (0) 2011-2012
50%
184 Daniel Woolard LB 16 1 (0) 2008-2009
50%
72 Dan Paladini DM 58 4 (5) 2011-2013
50%
36 Dasan Robinson CB 85 3 (1) 2006-2011
50%
44 David Accam RW 78 33 (14) 2015-2017
50%
185 David Arshakyan ST 16 0 (0) 2016-2017
50%
278 David Hayes DF 3 1 (0) 2001-2001
50%
279 David Mahoney GK 3 0 (0) 2005-2005
50%
197 David Ousted GK 14 0 (0) 2019-2019
50%
136 David Vaudreuil MF 26 1 (2) 2001-2002
50%
303 Davis Paul AM 1 0 (0) 2011-2011
50%
32 Dax McCarty CM 86 1 (8) 2017-2019
50%
43 Dema Kovalenko DM 79 19 (12) 2000-2002
50%
227 Denny Clanton DF 10 0 (0) 2004-2004
50%
228 Deris Umanzor LB 10 0 (0) 2010-2010
50%
112 Diego Campos LW 33 1 (1) 2018-2019
50%
124 Diego Chaves ST 29 6 (0) 2011-2011
50%
17 Diego Gutiérrez CM 116 5 (12) 2000-2001, 2006-2008
50%
106 Dilly Duka LM 37 4 (3) 2013-2014
50%
138 Dipsy Selolwane ST 25 3 (0) 2002-2004
50%
291 D.J. Countess GK 2 0 (0) 2004-2004
50%
154 Djé D'Avilla DM 21 2 (1) 2025-2025
50%
52 Djordje Mihailovic AM 71 7 (11) 2017-2020
50%
56 Dominic Oduro RW 66 18 (6) 2011-2012
50%
115 Drew Conner DM 32 0 (1) 2017-2018
50%
234 Egidio Arévalo Ríos DM 9 0 (0) 2013-2013
50%
85 Elliot Collier ST 51 1 (1) 2018-2018, 2020-2021
50%
120 Eric Gehrig RB 30 0 (1) 2015-2016
50%
155 Eric Wynalda ST 21 10 (4) 2001-2001
50%
20 Evan Whitfield RB 103 3 (7) 2000-2004
50%
11 Fabian Herbers RW 149 15 (11) 2019-2024
50%
48 Federico Navarro DM 74 3 (3) 2021-2024
50%
224 Federico Puppo CF 11 0 (1) 2012-2012
50%
244 Florent Sinama-Pongolle CF 7 1 (0) 2014-2014
50%
186 Floyd Franks CM 16 1 (0) 2006-2007
50%
69 Francisco Calvo CB 59 5 (2) 2019-2021
50%
193 Freddie Ljungberg RM 15 2 (6) 2010-2010
50%
280 Gabriel Ferrari ST 3 0 (0) 2011-2011
50%
96 Gabriel Slonina GK 43 0 (0) 2021-2022
50%
15 Gastón Giménez DM 122 4 (8) 2020-2024
50%
198 Gastón Puerari ST 14 1 (1) 2011-2011
50%
74 Georgios Koutsias ST 57 5 (3) 2023-2024
50%
165 Gilberto ST 19 5 (3) 2015-2016
50%
3 Gonzalo Segares LB 231 11 (9) 2005-2014
50%
216 Grant Lillard CB 12 0 (0) 2018-2019
50%
148 Grant Ward RM 23 1 (3) 2014-2014
50%
187 Greg Cochrane LB 16 0 (2) 2014-2015
50%
292 Greg Sutton GK 2 0 (0) 2000-2000
50%
281 Guillermo Franco ST 3 0 (0) 2012-2012
50%
194 Guly AM 15 0 (0) 2015-2015
50%
304 Harold Osorio CM 1 0 (0) 2025-2025
50%
57 Harry Shipp LW 66 10 (13) 2014-2015
50%
121 Henry Ring GK 30 0 (0) 2002-2004
50%
86 Hristo Stoichkov LW 51 17 (11) 2000-2002
50%
59 Hugo Cuypers ST 64 27 (4) 2024-2025
50%
245 Hunter Jumper CB 7 1 (1) 2012-2013
50%
99 Ignacio Aliseda LW 41 5 (3) 2020-2021
50%
49 Iván Guerrero LB 74 3 (12) 2005-2007
50%
113 Jack Elliott CB 33 3 (4) 2025-2025
50%
199 Jack Stewart CB 14 1 (0) 2005-2006
50%
109 Jairo Torres RW 36 0 (0) 2022-2023
50%
22 Jalil Anibaba CB 96 4 (2) 2011-2013
50%
172 Jamar Beasley ST 18 4 (2) 2001-2001
50%
305 Jared Montz DF 1 0 (0) 2006-2006
50%
229 Jason Moore MF 10 1 (0) 2002-2002
50%
306 Jason Shokalook ST 1 0 (1) 2025-2025
50%
225 Javier Casas CM 11 0 (0) 2021-2024
50%
282 Jeff Curtin CB 3 1 (0) 2007-2007
50%
246 Jeff Gal GK 7 0 (0) 2025-2025
50%
25 Jeff Larentowicz DM 94 14 (6) 2013-2015
50%
236 Jeremiah Gutjahr RM 8 0 (1) 2019-2019
50%
263 Jerson Monteiro ST 5 1 (0) 2007-2007
50%
14 Jesse Marsch RM 142 16 (10) 2000-2005
50%
130 Jhon Durán ST 27 8 (5) 2022-2022
50%
105 Jhon Espinoza RB 39 0 (1) 2021-2022
50%
166 Jhon Kennedy Hurtado CB 19 1 (0) 2014-2014
50%
10 Jim Curtin CB 151 4 (3) 2001-2007
50%
73 João Meira CB 58 0 (1) 2016-2017
50%
139 Joel Lindpere LM 25 2 (8) 2013-2013
50%
253 Joel Waterman CB 6 1 (1) 2025-2025
50%
127 Joevin Jones LB 28 1 (1) 2015-2015
50%
200 Joey Calistri LW 14 1 (0) 2016-2016
50%
13 Johan Kappelhof CB 147 0 (5) 2016-2021
50%
140 John Goossens DM 25 3 (4) 2016-2017
50%
293 Johnny Torres AM 2 0 (0) 2002-2002
50%
70 John Thorrington RM 59 8 (1) 2005-2010
50%
156 John Wolyniec ST 21 3 (1) 2000-2002
50%
111 Jonathan Bamba LW 34 5 (4) 2025-2025
50%
294 Jonathan Bolaños MF 2 0 (2) 2003-2003
50%
41 Jonathan Bornstein LB 81 2 (1) 2019-2022
50%
51 Jonathan Campbell CB 72 1 (1) 2016-2018
50%
47 Jonathan Dean RB 75 2 (4) 2023-2025
50%
271 Jon Bakero ST 4 0 (0) 2018-2018
50%
46 Jon Busch GK 75 0 (0) 2007-2009, 2015-2015
50%
254 Jon Conway GK 6 0 (0) 2011-2011
50%
307 Jordan Russolillo DF 1 0 (0) 2007-2007
50%
237 Jorge Bava GK 8 0 (0) 2017-2017
50%
116 Jorge Corrales LB 32 0 (0) 2018-2019
50%
97 Josh Wolff RW 42 14 (9) 2000-2002
50%
201 Josip Mikulic CB 14 0 (0) 2011-2011
50%
128 Juan Anangonó ST 28 4 (1) 2013-2014
50%
283 Julio Martínez RM 3 1 (0) 2010-2010
50%
157 Juninho CM 21 1 (1) 2017-2017
50%
308 Junior Agogo ST 1 0 (0) 2000-2000
50%
238 Justin Evans DM 8 0 (1) 2000-2001
50%
7 Justin Mapp RM 172 14 (31) 2003-2010
50%
217 Justin Reynolds RB 12 1 (0) 2024-2025
50%
89 Kacper Przybylko ST 50 9 (3) 2022-2023
50%
131 Kei Kamara ST 27 5 (1) 2023-2023
50%
37 Kelly Gray DM 84 6 (6) 2002-2005
50%
79 Kellyn Acosta DM 53 3 (2) 2024-2025
50%
210 Kendall Burks CB 13 0 (0) 2022-2023
50%
91 Kennedy Igboananike ST 49 11 (6) 2015-2016
50%
150 Kenneth Kronholm GK 22 0 (0) 2019-2020
50%
161 Kevin Ellis CB 20 2 (3) 2018-2018
50%
162 Khaly Thiam DM 20 1 (0) 2016-2016
50%
167 Krzysztof Krol LB 19 0 (1) 2010-2010
50%
230 Kwame Watson-Siriboe CB 10 0 (0) 2010-2010
50%
309 Kyle Reynish GK 1 0 (0) 2014-2014
50%
173 Leonard Griffin CB 18 0 (0) 2004-2006
50%
168 Leonardo Barroso RB 19 1 (1) 2025-2025
50%
295 Líder Mármol CB 2 0 (0) 2008-2008
50%
1 Logan Pause DM 286 3 (6) 2003-2014
50%
82 Lovel Palmer RB 52 1 (2) 2014-2015
50%
202 Lubomir Reiter ST 14 3 (0) 2005-2005
50%
211 Lubos Kubik CM 13 3 (6) 2000-2000
50%
75 Luis Solignac ST 57 9 (7) 2016-2018
50%
132 Luka Stojanovic AM 27 8 (1) 2021-2021
50%
195 Maicón Santos ST 15 2 (0) 2013-2013
50%
188 Marcelo CB 16 0 (0) 2019-2019
50%
18 Marco Pappa LW 112 26 (13) 2008-2012
50%
29 Maren Haile-Selassie RM 89 13 (12) 2023-2025
50%
310 Marko Maric DM 1 0 (0) 2011-2011
50%
311 Matt Chulis DF 1 0 (0) 2001-2001
50%
239 Matt Fondy ST 8 0 (0) 2014-2014
50%
110 Matt Lampson GK 35 0 (0) 2016-2017
50%
103 Matt Pickens GK 40 0 (0) 2005-2007
50%
40 Matt Polster DM 82 3 (6) 2015-2018
50%
104 Matt Watson CM 40 1 (2) 2014-2015
50%
12 Mauricio Pineda CB 149 6 (4) 2020-2025
50%
76 Michael de Leeuw ST 57 12 (11) 2016-2018
50%
129 Michael Harrington LB 28 0 (1) 2016-2017
50%
107 Michael Stephens CM 37 0 (4) 2015-2016
50%
203 Michael Videira AM 14 0 (1) 2011-2013
50%
26 Miguel Navarro LB 94 0 (9) 2020-2023
50%
231 Mike Azira DM 10 0 (0) 2019-2020
50%
78 Mike Banner LM 54 3 (1) 2007-2010
50%
87 Mike Magee ST 51 22 (8) 2013-2015
50%
272 Mike Nugent FW 4 0 (0) 2002-2002
50%
169 Mike Sorber DM 19 1 (1) 2000-2000
50%
312 Missael Rodríguez ST 1 0 (0) 2023-2023
50%
141 Mo Adams CM 25 0 (0) 2018-2019
50%
28 Nate Jaqua ST 92 21 (9) 2003-2006
50%
23 Nemanja Nikolics ST 96 51 (5) 2017-2019
50%
240 Nery Castillo RW 8 0 (0) 2010-2010
50%
218 Nick LaBrocca CM 12 0 (1) 2016-2016
50%
133 Nico Gaitán AM 27 4 (11) 2019-2019
50%
212 Nicolas Hasler CM 13 0 (0) 2018-2019
50%
313 Oleksiy Korol FW 1 0 (0) 2002-2002
50%
219 Omar González CB 12 0 (0) 2025-2025
50%
189 Omari Glasgow RM 16 0 (1) 2024-2025
50%
108 Or Baruch ST 37 2 (1) 2011-2012
50%
296 Osei Telesford CB 2 0 (0) 2007-2007
50%
226 Ousmane Doumbia DM 11 0 (1) 2023-2023
50%
235 Paolo Tornaghi GK 9 0 (0) 2012-2013
50%
247 Pascal Bédrossian LM 7 0 (0) 2006-2007
50%
204 Patrick Doody LB 14 0 (4) 2015-2015, 2017-2017
50%
220 Patrick Ianni CB 12 0 (0) 2014-2014
50%
255 Patrick McLain GK 6 0 (0) 2016-2016, 2018-2018
50%
4 Patrick Nyarko LW 196 19 (35) 2008-2015
50%
221 Paulo Wanchope ST 12 2 (0) 2007-2007
50%
100 Pável Pardo DM 41 2 (8) 2011-2012
50%
144 Peter Lowry AM 24 5 (0) 2009-2010
50%
117 Philip Zinckernagel RW 32 15 (12) 2025-2025
50%
63 Piotr Nowak AM 62 14 (18) 2000-2002
50%
66 Przemyslaw Frankowski RB 60 10 (10) 2019-2021
50%
67 Quincy Amarikwa ST 60 11 (11) 2013-2015
50%
33 Rafael Czichos CB 86 6 (3) 2022-2024
50%
284 Rafael Ramos RB 3 0 (0) 2018-2018
50%
190 Rafael Robayo CM 16 0 (0) 2012-2012
50%
180 Raheem Edwards LB 17 2 (2) 2018-2019
50%
58 Răzvan Cociș CM 66 7 (4) 2014-2016
50%
134 Richard Sánchez GK 27 0 (0) 2017-2018
50%
80 Robert Beric ST 53 19 (3) 2020-2021
50%
264 Robert Earnshaw ST 5 3 (0) 2014-2014
50%
265 Rodrigo Faria ST 5 0 (1) 2003-2003
50%
158 Rodrigo Ramos RB 21 0 (2) 2016-2016
50%
174 Rominigue Kouamé CM 18 3 (1) 2025-2025
50%
256 Ryan Futagaki MF 6 0 (1) 2003-2003
50%
191 Sam George MF 16 0 (0) 2000-2000
50%
151 Sam Rogers CB 22 0 (0) 2025-2025
50%
181 Samuel Caballero CB 17 1 (1) 2005-2005
50%
232 Sanna Nyassi RM 10 1 (1) 2014-2014
50%
152 Scott Buete MF 22 0 (1) 2004-2005
50%
142 Sebastián Grazzini AM 25 7 (9) 2011-2012
50%
125 Sergio Oregel CM 29 0 (0) 2022-2022, 2025-2025
50%
153 Sergiy Daniv RW 22 3 (3) 2001-2002
50%
314 Shaun Francis LB 1 0 (0) 2013-2013
50%
205 Shaun Maloney AM 14 3 (3) 2015-2015
50%
135 Sherjill MacDonald ST 27 4 (4) 2012-2013
50%
249 Spencer Richey GK 7 0 (0) 2022-2024
50%
137 Stanislav Ivanov RW 26 1 (1) 2021-2022
50%
266 Stefan Cleveland GK 5 0 (0) 2018-2018
50%
222 Stefan Dimitrov ST 12 0 (0) 2009-2010
50%
163 Stephen King CM 20 2 (1) 2008-2008
50%
182 Steven Kinney RB 17 1 (0) 2010-2010, 2013-2014
50%
286 Sumed Ibrahim MF 3 0 (0) 2004-2004
50%
297 Tenywa Bonseu CB 2 0 (0) 2000-2000
50%
54 Thiago Corrêa AM 67 9 (5) 2005-2007
50%
143 Tim Ward CB 25 0 (3) 2009-2010
50%
206 Tobias Salquist CB 14 0 (1) 2024-2024
50%
183 Tomasz Frankowski ST 17 2 (0) 2008-2008
50%
90 Tom Barlow ST 50 5 (0) 2024-2025
50%
170 Tom Soehn DF 19 1 (0) 2000-2000
50%
119 Tony Sanneh RB 31 0 (1) 2005-2006
50%
213 Tony Tchani CM 13 1 (0) 2018-2018
50%
287 Ty Harden CB 3 0 (0) 2015-2015
50%
267 Victor Bezerra ST 5 0 (0) 2022-2022
50%
273 Víctor Pineda RM 4 0 (0) 2014-2014
50%
223 Wells Thompson LM 12 0 (0) 2012-2013
50%
241 William Oliveira ST 8 1 (1) 2007-2007
50%
50 Wilman Conde CB 73 4 (5) 2007-2010
50%
71 Wyatt Omsberg CB 59 1 (1) 2020-2024
50%
164 Yamith Cuesta CB 20 0 (0) 2011-2011
50%
288 Yazid Atouba LW 3 0 (0) 2013-2013
50%
274 Yura Movsisyan ST 4 0 (0) 2018-2018
50%
289 Yuri Lavrinenko MF 3 0 (0) 2000-2000
50%
9 Zach Thornton GK 160 0 (0) 2000-2003, 2005-2006
50%
No matching quizzes found
Score Distribution
Percent of People with Each Score
Percentile by Number Answered
Your Score History
You have not taken this quiz